000 00411nam a22001697a 4500
005 20180205122119.0
008 160429b xxu||||| |||| 00| 0 eng d
020 _a81-7722344-5
041 _aeng
082 _b00756
_a005.13
100 _aDeshpande, P.S.
_9212
245 _aSQL for Oracle 9i
260 _aNew Delhi
_bDreamtech,
_c2003
300 _a248
650 _aInformation Technology
_9137
942 _cBK
999 _c236
_d236